Abbreviation Speedrun - Level 1 - Statistics

General Stats
  • This quiz has been taken 15 times
  • The average score is 11 of 15
Answer Stats
Sentence Abbreviation % Correct
Dogs regret ever going golfing DREGG
100%
When everyone dies, fire WEDF
100%
Children see dead seagulls CSDS
93%
Immigration created evenly, land and navy domain ICELAND
93%
Probably only Nestle touches Godzilla PONTG
93%
Amazing moderators excuse real injury creating accidents AMERICA
86%
Hi everyone, likely little ones HELLO
86%
Quiet people almost never talk QPANT
86%
Can overcrowding really ruin every coconut tree? CORRECT
71%
Willy eats rancid tart yam WERTY
71%
Actual bears cause deadly evacuation ABCDE
64%
Love overtakes indirect excellent dumbfoundedness LOIED
64%
Train wrecks stay diligent, nothing changes TWSDNC
64%
However infinite or definite jumps HIODJ
36%
Yell eventually dreadful pleading lies YEDPL
14%
No matching quizzes found
Score Distribution
Percent of People with Each Score
Percentile by Number Answered
Your Score History
You have not taken this quiz